000 00812nmm a2200265 a 4500
001 ocm000780036
003 TR-IsHL
005 20201028153049.0
008 140311s2012 tu tur
007 cr cn
020 _a9786055205331
035 _a780036
_b(N$T)
050 0 4 _aPL248.K39
_bG5 2012
090 0 4 _aPL248.K39
_bG5 2012
100 1 _aKaya, Gülten Subaşı
245 1 0 _aGitmeliyim
_h[electronic resource] /
_cGülten Subaşı Kaya
260 _aİstanbul :
_bAraf Yayınları,
_c2012
300 _a196 p.
650 4 _aDil ve Edebiyat
650 4 _aLanguage and Literature
650 0 _aTürk şiiri
650 0 _aTurkish poetry
650 7 _aPOETRY / Middle Eastern
_2bisacsh
856 4 0 _uhttp://search.ebscohost.com/login.aspx?direct=true&scope=site&db=e011xww&AN=780036
999 _c11852
_d11852